• 首页
  • 本馆介绍
  • 公告通知
  • 最新文献
  • 馆藏检索
  • 电子资源
  • 读者导购
  • 参考咨询
  • 我的图书馆
  • 登录
  • 详细信息显示
  • 放入我的书架
  • 预约/预借图书
  • 作者相关作品
  • 分类相关作品
  • 丛书相关作品
  • 出版社相关作品

书目信息

  • 表格格式
  • 工作单格式
  • 卡片格式
题名:
新股民股市操盘必读书
    
 
作者: 阮晓波 , 蒋华 主编
分册:  
出版信息: 北京   中国物资出版社  2007
页数: 233页
开本: 23cm
丛书名:
单 册:
中图分类: F830.91
科图分类:
主题词: 股票--证券投资--基本知识 , 股票 , 证券投资
电子资源:
ISBN: 978-7-5047-2681-0
000 00914nam0 2200265 450
001 003520579
005 20091202085747.67
010    @a978-7-5047-2681-0@dCNY29.80
100    @a20070327d2007 em y0chiy0110 ea
101 0  @achi
102    @aCN@b110000
105    @ay z 000yy
106    @ar
200 1  @a新股民股市操盘必读书@9xin gu min gu shi cao pan bi du shu@f阮晓波,蒋华主编
210    @a北京@c中国物资出版社@d2007
215    @a233页@d23cm
330    @a本书把新股民投资需掌握的基础知识,以及优秀的投资理念同国内股票投资的实战结合起来,将成功的投资理论和实践紧密结合起来,深入剖析股票投资领域的关键问题,全面解读专家的投资智慧。
606 0  @a股票@x证券投资@x基本知识
606 0  @a股票
606 0  @a证券投资
690    @aF830.91@v4
701  0 @a阮晓波@9ruan xiao bo@c(证券)@4主编
701  0 @a蒋华@9jiang hua@f(1967?~)@4主编
801  0 @aCN@bNLC@c20091202
905    @b794392-97@dF830.91@e138@f6
    
    新股民股市操盘必读书/阮晓波,蒋华主编.-北京:中国物资出版社,2007
    233页;23cm
    
    
    ISBN 978-7-5047-2681-0:CNY29.80
    本书把新股民投资需掌握的基础知识,以及优秀的投资理念同国内股票投资的实战结合起来,将成功的投资理论和实践紧密结合起来,深入剖析股票投资领域的关键问题,全面解读专家的投资智慧。
●
相关链接 在E读中查询图书 在五车中查询图书 在当当中查询图书 在豆瓣中查询图书


正题名:新股民股市操盘必读书     索取号:F830.91/138         预约/预借

序号 登录号 条形码 馆藏地/架位号 状态 备注
1 794392   207943920   第一样本阅览室/ [索取号:F830.91/138] 在馆    
2 794393   207943939   第一借阅区/ [索取号:F830.91/138] 在馆    
3 794394   207943948   第一借阅区/ [索取号:F830.91/138] 在馆    
4 794395   207943957   第一借阅区/ [索取号:F830.91/138] 在馆    
5 794396   207943966   第一借阅区/ [索取号:F830.91/138] 在馆    
6 794397   207943975   第一借阅区/ [索取号:F830.91/138] 在馆    
唐山师范学院图书馆 欢迎您!
大连网信软件有限公司© 版权所有